Prénom dans Harry Potter finissant par -us - Statistiques

Statistiques générales
  • Ce quiz a été pris 171 fois
    145 depuis la dernière actualisation
  • Le résultat moyen est 22 sur 34
Statistiques - réponses
Nom de famille Prénom % Correct
Potter Albus Severus
99%
Dumbledore Albus
98%
Black Sirius
96%
Hagrid Rubeus
95%
Rogue Severus
95%
Malefoy Lucius
94%
Lupin Remus
89%
Finnigan Seamus
87%
Rusard Argus
84%
Flitwick Filius
82%
Black Regulus Arcturus
82%
Lovegood Xenophilius
80%
Fudge Cornelius
79%
Quirrell Quirinus
75%
Croupton Bartemius Jr.
71%
Croupton Bartemius Sr.
71%
Fletcher Mondingus
71%
Scrimgeour Rufus
70%
Malefoy Scorpius
70%
Peverell Ignotus
66%
Carrow Amycus
64%
Lestrange Rodolphus
61%
Flint Marcus
59%
Diggle Dedalus
51%
Peverell Cadmus
44%
Weasley Bilius
43%
Thicknesse Pius
43%
Pye Augustus
41%
Rookwood Augustus
41%
Brûlopot Silvanus
24%
Beurk Caractacus
23%
Dumbledore Aurelius
18%
Lestrange Corvus
13%
Warrington Cassius
12%
Aucun quiz correspondant
Distribution des résultats
% des personnes avec chaque résultat
Percentile par nombre de réponses
Votre historique - résultats
Vous n’avez pas pris ce quiz depuis la dernière actualisation